000 01803nam a2200445 i 4500
001 ELB57215
003 FlNmELB
006 m o d |
007 cr cnu||||||||
008 170409s2015 sp o 001 0 spa d
020 _a9788490421956 (e-book)
035 _a(MiAaPQ)EBC4776134
035 _a(Au-PeEL)EBL4776134
035 _a(CaPaEBR)ebr11322784
035 _a(OCoLC)992017824
040 _aFINmELB
_bspa
_erda
_cFINmELB
050 4 _aP306
_bD277 2015
080 _a81
082 0 _a418.02
_223
100 1 _aDíaz Peralta, Marina.
245 1 3 _aDe la lengua a la traducción :
_bcurso preparatorio de acceso a la universidad para mayores de 25 años /
_cMarina Díaz Peralta, Gracia Piñero Piñero.
264 1 _aLas Palmas de Gran Canaria :
_bUniversidad de Las Palmas de Gran Canaria. Servicio de Publicaciones y Difusión Científica,
_c[2015]
300 _a1 recurso en línea (138 páginas)
336 _atexto
_btxt
_2rdacontent/spa
337 _acomputadora
_bc
_2rdamedia/spa
338 _arecurso en línea
_bcr
_2rdacarrier/spa
490 1 _aManuales de acceso ;
_v19
500 _aContiene índice.
588 _aDescripción basada en recurso en línea; Título de la página del título en PDF (e-libro, visto April 09, 2017).
590 _aRecurso electronico. Santa Fe, Arg. : e-libro, 2016. Disponible via World Wide Web. El acceso puede ser limitado para las bibliotecas afiliadas a e-libro.
650 0 _aTranslating and interpreting.
650 4 _aTraducción e interpretación.
650 0 _aLinguistics.
650 4 _aLingèuística.
655 4 _aLibros electrónicos.
700 1 _aPiñero Piñero, Gracia.
797 2 _ae-libro, Corp.
830 0 _aManuales de acceso ;
_v19.
856 4 0 _uhttps://elibro.net/ereader/usam/57215
999 _c145773
_d145773